Statistiken für Städte Kreis Bergstraße

Klicken Sie hier um das Quiz zu spielen!

Allgemein

  • Dieses Quiz wurde 36 mal gespielt
  • Das Durchschnittsergebnis liegt bei 5 aus 10

Antwortstatistiken

% Korrekt
4.Heppenheim (26.023)
100%
1.Bensheim (40.456)
93%
2.Viernheim (34.175)
60%
8.Fürth (10.522)
53%
3.Lampertheim (32.537)
53%
6.Lorsch (13.643)
50%
5.Bürstadt (16.398)
37%
7.Wald-Michelbach (10.638)
37%
9.Mörlenbach (10.082)
30%
10.Birkenau (9857)
23%

Verteilung der Resultate

Perzentil nach korrekt beantworteten Fragen

Anzahl Personen mit jedem Resultat

Ihre Resultats-Entwicklung

Sie haben dieses Quiz noch nicht gespielt